| 000 | 00470nam a2200145 4500 | ||
|---|---|---|---|
| 082 | _aPhD-IT ZIA | ||
| 100 |
_aZia Ullah _998297 |
||
| 245 | _aEffects of Homophily on Academic | ||
| 260 |
_aIslamabad _bNust School of Electrical Engineering and Computer Science _c2013 |
||
| 300 |
_a71P _eCD-ROM |
||
| 500 | _aSupervisors; Dr.Aimal Tariq Rextin | ||
| 700 |
_aZia Ullah _998297 |
||
| 856 | _uhttp://10.250.8.41:8080/xmlui/handle/123456789/9817 | ||
| 942 |
_cPR _2ddc |
||
| 999 |
_c489001 _d489001 |
||